Science Quiz

Random Science or Clickable Quiz

Metabolism Quiz Stats

 Plays Quiz not verified by Sporcle

Also try: Most Fatal Cancers
Challenge
Share
Tweet
Embed
Score 0/21 Timer 05:00
1 Play Today
% Correct
hexokinase
91.5%
glucose-6-phosphatase
80.9%
malate dehydrogenase
76.1%
phosphogluco isomerase
74.5%
phosphofructokinase
72.9%
fumarase
72.9%
pyruvate dehydrogenase
72.3%
pyruvate kinase
72.3%
citrate synthase
71.8%
fructose-1,6-bisphosphatase
69.7%
isocitrate dehydrogenase
68.1%
% Correct
phosphoglycerate mutase
67.6%
glyceraldehyde-3-phosphate dehydrogenase
67%
a-ketoglutarate dehydrogenase
66.5%
aldolase
64.9%
succinyl-CoA synthetase
64.9%
phospoglycerate kinase
61.7%
enolase
61.7%
succinate dehydrogenase
58.5%
aconitase
50%
triose phosphate isomerase
48.9%

You're not logged in!

Compare scores with friends on all Sporcle quizzes.
OR
Log In

You Might Also Like...

Show Comments

Extras

Top Quizzes Today


Score Distribution

Your Account Isn't Verified!

In order to create a playlist on Sporcle, you need to verify the email address you used during registration. Go to your Sporcle Settings to finish the process.

Report this User

Report this user for behavior that violates our Community Guidelines.

Details: